000 00545nam a22001937a 4500
999 _c9764
_d9764
003 GBCCL
005 20241126110718.0
008 230712b ||||| |||| 00| 0 eng d
020 _a9780310243724
040 _cgbc
082 _a225.77
_bZON
100 _aSchreiner, Thomas R
_9878
245 _aGalatians
260 _aGrand Rapids :
_bZondervan ,
_c2010
300 _a423 pages
440 _aZondervan exegetical commentary on the New Testament
_vv.9
_916965
650 _aBible
_vN.T.
_xGalatians
_ycommentaries
_916966
942 _2ddc
_cREF